Το "Ανατολικόν Ζήτημα" σήμερα

Αποθηκεύτηκε σε:
Λεπτομέρειες βιβλιογραφικής εγγραφής
Κύριος συγγραφέας: Κακλαμάνης, Γεράσιμος Σ., 1940-
Μορφή: Βιβλίο
Γλώσσα:Greek
Δημοσίευση: Αθήνα : Εικοστού Πρώτου, 1998
Θέματα:
Ετικέτες: Προσθήκη ετικέτας
Δεν υπάρχουν, Καταχωρήστε ετικέτα πρώτοι!

MARC

LEADER 00000cam a2200000 i 4500
001 1/87873
008 051020s1998 gre d
020 |a 960-7058-75-5 
035 |l 10080933 
040 |a GR-MY-UA  |b gre  |e aacr 
041 0 |a gre 
082 0 |a 940.55  |2 (22) 
100 1 |a Κακλαμάνης, Γεράσιμος Σ.,   |d 1940- 
245 1 3 |a Το "Ανατολικόν Ζήτημα" σήμερα /  |c Γερασίμου Κακλαμάνη 
260 |a Αθήνα :   |b Εικοστού Πρώτου,   |c 1998 
300 |a 432 σ.;  |c 22 εκ. 
650 0 0 |a World politics. 
650 0 0 |a Eastern question. 
650 0 0 |a East and West. 
651 0 |a Europe  |x Politics and government. 
651 0 |a Europe  |x Civilization  |y 1945- 
852 |a INST  |b LESVOS  |e 20051020  |h 940.55 ΚΑΚ  |p 005100032860  |q 005100032860  |t BK  |y 0 
901 |a BIBL1-2005-3 
909 |a Λ  |b 124380 
922 |a 1ΕΛΗ  |b 200510  |c Παράρτημα Λέσβου  |d Χατζηδανιήλ 
970 |z 2005/10/20